000 00725nam a2200289Ia 4500
005 20260324125938.0
008 008 260324s9999 xx 000 0 eng d
020 _a9780203877166
037 _aEBOOK
040 _aCRL
040 _beng
040 _cCRL
041 _2eng
041 _aeng
084 _qCRL
100 _aJoyce Magnotto Neff; Carl Whithaus
_91179939
245 0 _aWriting Across Distances and Disciplines
245 0 _bResearch and Pedagogy in Distributed Learning
260 _bTaylor and Francis
260 _c2008
365 _a
365 _b230
856 _uhttp://www.taylorfrancis.com/books/9780203877166
942 _cEBOOK
999 _c1775623
_d1775623